Technology, finance, and development : (Record no. 542225)
[ view plain ]
| 000 -LEADER | |
|---|---|
| fixed length control field | 00677cam a2200169 a 4500 |
| 020 ## - INTERNATIONAL STANDARD BOOK NUMBER | |
| International Standard Book Number | 0669077623 |
| 082 0# - DEWEY DECIMAL CLASSIFICATION NUMBER | |
| Classification number | 338.91 |
| Author Mark | TEC |
| -- | D |
| 245 00 - TITLE STATEMENT | |
| Title | Technology, finance, and development : |
| Remainder of title | an analysis of the World Bank as a technological institution / |
| Statement of responsibility, etc. | edited by Charles Weiss, Nicolas Jéquier. |
| 260 ## - PUBLICATION, DISTRIBUTION, ETC. | |
| Place of publication, distribution, etc. | Lexington, Mass. : |
| Name of publisher, distributor, etc. | LexingtonBooks, |
| Date of publication, distribution, etc. | 1984. |
| 300 ## - PHYSICAL DESCRIPTION | |
| Extent | vi, 342 p., [4] p. of plates : |
| Other physical details | ill. (some col.) ; |
| Dimensions | 24 cm. |
| 526 ## - STUDY PROGRAM INFORMATION NOTE | |
| Program name | 0 |
| Interest level | 0 |
| Reading level | 0 |
| Title point value | 338_910000000000000_TEC |
| 650 #0 - SUBJECT ADDED ENTRY--TOPICAL TERM | |
| Topical term or geographic name entry element | Technical assistance. |
| 9 (RLIN) | 12483 |
| 650 #0 - SUBJECT ADDED ENTRY--TOPICAL TERM | |
| Topical term or geographic name entry element | Technology transfer |
| Geographic subdivision | Developing countries. |
| 9 (RLIN) | 37327 |
| 700 1# - ADDED ENTRY--PERSONAL NAME | |
| Personal name | Jéquier, Nicolas, |
| 9 (RLIN) | 37328 |
| 700 1# - ADDED ENTRY--PERSONAL NAME | |
| Personal name | Weiss, Charles. |
| 9 (RLIN) | 37329 |
| 942 ## - ADDED ENTRY ELEMENTS (KOHA) | |
| Source of classification or shelving scheme | |
| Koha item type | Book |
| Withdrawn status | Lost status | Source of classification or shelving scheme | Damaged status | Not for loan | Permanent Location | Current Location | Date acquired | Total Checkouts | Full call number | Barcode | Date last seen | Copy number | Price effective from | Koha item type |
|---|---|---|---|---|---|---|---|---|---|---|---|---|---|---|
| Military College of Engineering (MCE) | Military College of Engineering (MCE) | 09/26/2013 | 338.91 TEC | MCE-42572 | 09/26/2013 | 1 | 09/26/2013 | Book |
